| 000 | 01171nam a2200361 i 4500 | ||
|---|---|---|---|
| 001 | 31334 | ||
| 003 | KOSZ 005 | ||
| 005 | 20221216141803.0 | ||
| 008 | 980808s1997 pl f |000 0 pol | ||
| 020 | _a8320810388 | ||
| 040 |
_cKOSZ 005 _aKOSZ 005 _dKOSZ 005/HR |
||
| 046 | _k1997 | ||
| 080 | _a005.95/.96 | ||
| 080 | _a658.310.8 | ||
| 080 | _a(083.1) | ||
| 100 | 1 |
_aKostera, Monika _d(1963- ) _eAutor |
|
| 245 | 1 | 0 |
_aZarządzanie personelem / _cMonika Kostera. |
| 260 |
_aWarszawa : _bPolskie Wydawnictwo Ekonomiczne, _c1997. |
||
| 300 |
_a139, [1] s. : _b2 wykr. ; _c21 cm. |
||
| 336 |
_2rdacontent _aTekst _btxt |
||
| 337 |
_2rdamedia _aBez urządzenia pośredniczącego _bn |
||
| 338 |
_2rdacarrier _aWolumin _bnc |
||
| 380 | _aKsiążki | ||
| 388 | _a1901-2000 | ||
| 388 | _a1989-2000 | ||
| 650 | 4 | _aPrzedsiębiorstwo | |
| 650 | 4 | _aZarządzanie zasobami ludzkimi (HRM) | |
| 655 | 4 | _aPoradnik | |
| 658 | _aZarządzanie i marketing | ||
| 710 | 2 |
_aPolskie Wydawnictwo Ekonomiczne _4pbl. |
|
| 856 |
_uhttp://koha.tu.koszalin.pl/cgi-bin/koha/opac-detail.pl?biblionumber=31334 _yKatalog online BPK |
||
| 942 |
_cKS _2UKD |
||
| 999 |
_c31334 _d31334 |
||